000 00258nam a22000977a 4500
999 _c11188
_d11188
008 181008b ||||| |||| 00| 0 eng d
020 _a9781472379337
100 _aPARRAGON
_96945
245 _a5000 AMAZING FACTS
260 _aNEW DELHI
_bPARRAGON PUBLICATION
_c2015